000
00290nam a22001337a 4500
008
170201b xxu||||| |||| 00| 0 eng d
020
_a
9781437705706
041
_a
eng
080
_a
61
100
_a
3
101
_a
shm
245
_a
THE LANGUEGE OF MEDICINE
_c
GHABNER.DE
942
_2
udc
_c
BK
999
_c
4198
_d
4198